| 000 | 01032cam a22002054a 4500 | ||
|---|---|---|---|
| 005 | 20250605164029.0 | ||
| 008 | 250528s ||||||||||||||||||||||||d | ||
| 035 | _a16563 | ||
| 020 | _a131919660 | ||
| 040 |
_aGR-AtMCL _bgre _dGR-AtMCL _eAACR2 |
||
| 245 | 1 | _aPrinciples of Language Learning and Teaching / Third Edition | |
| 250 | _a3rd | ||
| 260 |
_bPrentice Hall Regents, _c1993 |
||
| 300 | _a350 | ||
| 520 | _aA comprehensive, up-to-date analysis of theories, research, and practice in foreign and second language learning. Preface, Acknowledgements, Language and Learning and Teaching, First Language Acquisition, Comparing and Contrasting First and Second Language Acquisition, Human Learning, Style and Strategies, Personality Factors, Sociocultural Factors, Contrastive Analysis and Interlanguage and Error Analysis, Communicative Competence, Language Testing, Theories of Second Language Acquisition, Bibliography, Index. | ||
| 700 | 1 |
_aBrown Douglas H _92657 |
|
| 942 | _cBK | ||
| 999 |
_c2055 _d2055 |
||